Christianity in Eurafrica : (Record no. 1634)
[ view plain ]
| 000 -LEADER | |
|---|---|
| fixed length control field | 03534cam a22004337i 4500 |
| 001 - CONTROL NUMBER | |
| control field | data |
| 005 - DATE AND TIME OF LATEST TRANSACTION | |
| control field | 20260322212110.0 |
| 008 - FIXED-LENGTH DATA ELEMENTS--GENERAL INFORMATION | |
| fixed length control field | data |
| 035 ## - SYSTEM CONTROL NUMBER | |
| System control number | 19457086 |
| 010 ## - LIBRARY OF CONGRESS CONTROL NUMBER | |
| LC control number | 2017931617 |
| 020 ## - INTERNATIONAL STANDARD BOOK NUMBER | |
| International Standard Book Number | 0998147729 |
| 020 ## - INTERNATIONAL STANDARD BOOK NUMBER | |
| International Standard Book Number | 9780998147727 |
| 035 ## - SYSTEM CONTROL NUMBER | |
| System control number | (OCoLC)983125168 |
| 040 ## - CATALOGING SOURCE | |
| Original cataloging agency | YDX |
| Language of cataloging | eng |
| Transcribing agency | YDX |
| Description conventions | rda |
| Modifying agency | DLC |
| -- | NZDUH |
| -- | OCLCF |
| -- | YDX |
| -- | DTM |
| -- | DLC |
| 042 ## - AUTHENTICATION CODE | |
| Authentication code | lccopycat |
| 050 00 - LIBRARY OF CONGRESS CALL NUMBER | |
| Classification number | BR145.3 |
| Item number | .P327 2017 |
| 082 04 - DEWEY DECIMAL CLASSIFICATION NUMBER | |
| Classification number | 270 |
| Edition information | 23 |
| 100 1# - MAIN ENTRY--PERSONAL NAME | |
| Personal name | Paas, Steven, |
| Dates associated with a name | 1942- |
| Relator term | author. |
| 245 10 - TITLE STATEMENT | |
| Title | Christianity in Eurafrica : |
| Remainder of title | a history of the church in Europe and Africa / |
| Statement of responsibility, etc. | Steven Paas. |
| 264 #1 - PRODUCTION, PUBLICATION, DISTRIBUTION, MANUFACTURE, AND COPYRIGHT NOTICE | |
| Place of production, publication, distribution, manufacture | Washington, DC : |
| Name of producer, publisher, distributor, manufacturer | New Academia Publishing, |
| Date of production, publication, distribution, manufacture, or copyright notice | 2017. |
| 264 #4 - PRODUCTION, PUBLICATION, DISTRIBUTION, MANUFACTURE, AND COPYRIGHT NOTICE | |
| Date of production, publication, distribution, manufacture, or copyright notice | ©2017 |
| 300 ## - PHYSICAL DESCRIPTION | |
| Extent | 554 pages : |
| Other physical details | illustrations, maps, portraits ; |
| Dimensions | 23 cm |
| 336 ## - CONTENT TYPE | |
| Content type term | text |
| Content type code | txt |
| Source | rdacontent |
| 337 ## - MEDIA TYPE | |
| Media type term | unmediated |
| Media type code | n |
| Source | rdamedia |
| 338 ## - CARRIER TYPE | |
| Carrier type term | volume |
| Carrier type code | nc |
| Source | rdacarrier |
| 504 ## - BIBLIOGRAPHY, ETC. NOTE | |
| Bibliography, etc. note | Includes bibliographical references and index. |
| 505 0# - FORMATTED CONTENTS NOTE | |
| Formatted contents note | 1. Characteristics of Church history -- 2. The fullness of time -- 3. Expansion inside the Roman Empire -- 4. The life of the earliest church -- 5. The church and the Roman state -- 6. Expansion beyond the Roman Empire -- 7. Conflicts and the definition of dogma -- 8. The Church fathers -- 9. Cyprian -- 10. Augustine -- 11. Monasticism -- 12. Collapse in the West -- 13. The rise and expansion of Islam -- 14. Expansion in North West Europe 590-800 -- 15. Church and state in competition -- 16. Monastic reforms -- 17. Eastern Orthodox Church -- 18. The Crusades -- 19. Medieval Papacy -- 20. Education and learning -- 21. Reform and dissent -- 22. An era of great change -- 23. Martin Luther 1483-1546 -- 24. Huldrych Zwingli 1484-1531 -- 25. Martin Bucer 1491-1551 -- 26. John Calvin 1509-1564 -- 27. The radical reformers --28. Reformation in France -- 29. Reformation the Netherlands -- 30. Reformation in England -- 31. Reformation in Scotland -- 32. The Counter Reformation -- 33. The Enlightenment -- 34. Roman Catholicism 1648-1800 --35. Roman Catholicism 1800-1900 -- 36. European Protestantism 1648-1800 -- v. 37. European Protestantism 1800-1900 -- 38. North American Protestantism 1600-1900 -- 39. Theological developments 1800-2000 -- 40. Cooperation and unity -- |
| 505 0# - FORMATTED CONTENTS NOTE | |
| Formatted contents note | 41. Church and ideology -- 42. Africa on the eve of change -- 43. Nubian and Ethiopian Christianity -- 44. Africa and early Portuguese Missions -- 45. Africa and the Dutch until 1800 -- 46. Africa and the British until 1885 -- 47. Western Africa 1800-1900 -- 48. Southern Africa 1800-1900 -- 49. Eastern Africa 1800-1900 -- 50. Africa's old Colonisers after 1885 -- 51. Africa's new Colonisers after 1885 -- 52. Missions and Colonialism 1885-1960 -- 53. African Instituted churches -- 54. Church and mission in independent Africa -- 55. Faith missions -- 56. Unity and cooperation -- 57. The Church in Malawi -- 58. The Church in Zambia -- 59. The Church in Zimbabwe -- 60. Pentecostals and charismatics -- 61. The position of Africa's women -- 62. Conversion -- 63. Europe and Africa in the post-modern age. |
| 650 #0 - SUBJECT ADDED ENTRY--TOPICAL TERM | |
| Topical term or geographic name entry element | Church history. |
| 650 #7 - SUBJECT ADDED ENTRY--TOPICAL TERM | |
| Topical term or geographic name entry element | Church history. |
| Source of heading or term | fast |
| Authority record control number or standard number | (OCoLC)fst00860740 |
| 651 #0 - SUBJECT ADDED ENTRY--GEOGRAPHIC NAME | |
| Geographic name | Africa |
| General subdivision | Church history. |
| 651 #0 - SUBJECT ADDED ENTRY--GEOGRAPHIC NAME | |
| Geographic name | Europe |
| General subdivision | Church history. |
| 651 #7 - SUBJECT ADDED ENTRY--GEOGRAPHIC NAME | |
| Geographic name | Africa. |
| Source of heading or term | fast |
| Authority record control number or standard number | (OCoLC)fst01239509 |
| 651 #7 - SUBJECT ADDED ENTRY--GEOGRAPHIC NAME | |
| Geographic name | Europe. |
| Source of heading or term | fast |
| Authority record control number or standard number | (OCoLC)fst01245064 |
| 655 #7 - INDEX TERM--GENRE/FORM | |
| Genre/form data or focus term | Church history. |
| Source of term | fast |
| Authority record control number or standard number | (OCoLC)fst01411629 |
| 906 ## - LOCAL DATA ELEMENT F, LDF (RLIN) | |
| a | 7 |
| b | cbc |
| c | copycat |
| d | 2 |
| e | ncip |
| f | 20 |
| g | y-gencatlg |
| 925 0# - | |
| -- | acquire |
| -- | 1 shelf copy |
| -- | policy default |
| Withdrawn status | Lost status | Damaged status | Not for loan | Home library | Current library | Shelving location | Date acquired | Total checkouts | Full call number | Barcode | Date last seen | Price effective from | Koha item type |
|---|---|---|---|---|---|---|---|---|---|---|---|---|---|
| Institut Protestant de Théologie | Institut Protestant de Théologie | General stacks | 22/03/2026 | 270 | LOC-IPT-00025 | 22/03/2026 | 22/03/2026 | Books |